Statystyki dla Kadra Japonii na mundial 2022

Kliknij tutaj aby rozwiązać quiz!

Ogólne statystyki

  • Ten quiz został rozwiązany 32 razy
  • Średni wynik to 11 z 26

Statystyki odpowiedzi

PozycjaZawodnik% Poprawnych
ObrońcaHiroki Ito
82%
PomocnikJunya Ito
82%
ObrońcaMaya Yoshida
73%
PomocnikTakefusa Kubo
73%
ObrońcaTakehiro Tomiyasu
73%
NapastnikTakuma Asano
64%
PomocnikTakumi Minamino
64%
PomocnikWataru Endo
64%
PomocnikDaichi Kamada
55%
BramkarzShuichi Gonda
55%
ObrońcaYuto Nagatomo
55%
NapastnikDaizen Maeda
45%
ObrońcaHiroki Sakai
45%
PomocnikKaoru Mitoma
45%
BramkarzEiji Kawashima
36%
PomocnikRitsu Doan
36%
BramkarzDaniel Schmidt
27%
PomocnikHidemasa Morita
27%
PomocnikAo Tanaka
18%
NapastnikAyase Ueda
18%
PomocnikGaku Shibasaki
18%
ObrońcaKo Itakura
18%
ObrońcaMiki Yamane
9%
ObrońcaShogo Taniguchi
9%
PomocnikYuki Soma
9%
ObrońcaYuta Nakayama
0%

Rozkład punktacji

Percentyl według liczby udzielonych odpowiedzi

Procent ludzi z każdym wynikiem

Twoja historia wyników

Nie rozwiązałeś tego quizu